000 01083cam a2200289 a 4500
999 _c17782
_d17782
001 3094249
003 OSt
005 20161129113435.0
008 931130s1994 miuab b 001 0 eng d
010 _a 98132817
020 _a0810394510
035 _a(OCoLC)29404506
040 _aTxLT
_cTxLT
_dWU
_dMs-C
_dDLC
042 _alccopycat
050 0 0 _aQ173
_b.H24 1994
082 0 0 _a500
_221
245 0 4 _aThe handy science answer book /
_ccompiled by the Science and Technology Department of the Carnegie Library of Pittsburgh.
260 _aDetroit :
_bVisible Ink Press,
_cc1994.
300 _axvi, 523 p. :
_bill., maps ;
_c24 cm.
504 _aIncludes bibliographical references (p. 449-472) and index.
650 0 _aScience
_xMiscellanea.
710 2 _aCarnegie Library of Pittsburgh.
_bScience and Technology Department.
906 _a7
_bcbc
_ccopycat
_d2
_encip
_f19
_gy-gencatlg
942 _2lcc
_cBOOKS
_hQ 173 .H36 1994